Responses for show #5288 - Wednesday, September 12, 2007

Contestants

[<< previous game]

Wilson York, a graduate student of history from Atlanta, Georgia

Lucy Prentiss, a technical writer and aerobics instructor from Albuquerque, New Mexico

Rick Kent, a paralegal from Los Angeles, California (whose 1-day cash winnings total $14,001)

[next game >>]

Jeopardy! Round responses

AMERICAN PLAYWRIGHTS
ELVIS LYRICS
(Alex: You have to give us the title of the song.)
GUINNESS WORLD RECORDS
1977
STATE MOTTOES
OLD, ODD & OBSCURE WORDS
    $200 1
acting

Rick
    $200 6
"Love Me Tender"

Lucy
    $200 18
an apple

Wilson
    $200 13
the Panama Canal

Wilson
    $200 11
possible

Rick
    $200 26
bush

Rick
    $400 2
Tennessee Williams

Rick
    $400 7
"Jailhouse Rock"

Rick
    $400 19
a pumpkin

Wilson
    $400 14
Ramadan

Wilson
    $400 12
(Wilson: What is all?)
(Lucy: What is the same?)

inseparable

LucyWilson
Triple Stumper
    $400 27
incense

Wilson
    $600 3
Eugene O'Neill

Triple Stumper
    $600 8
"Don't Be Cruel"

Rick
    $600 20
a Chihuahua

Lucy
    $600 15
(Wilson: What is Zeppo?)

Groucho

RickWilson
    $600 23
(Rick: What is fidelis?)

tyrannis

RickWilson
    $600 28
a fever

Rick
    $800 4
(William) Inge

Rick
    $800 9
"Burning Love"

Wilson
    $800 21
a clover

Rick
    $800 16
Churchill

Rick
    $800 24
rights

Wilson
    $800 29
a trumpet

Rick
    $1000 5
August Wilson

Rick
    $400 10
"Return To Sender"

Wilson
    $1000 22
the CN Tower

Wilson
    $1000 17
Puerto Rico

Rick
    $1000 25
law

Wilson
    $1000 30
a teardrop

Wilson

Scores at the first commercial break (after clue 15):

Rick Lucy Wilson
$4,200 -$200 $800

Scores at the end of the Jeopardy! Round:

Rick Lucy Wilson
$7,800 $400 $6,200

Double Jeopardy! Round responses

MEDIEVAL EUROPE
OSCAR WINNERS OF YORE
MORE
WHERE AM I?
WHAT SHOULD I "DU"?
LEAVE 'EM LAUGHING
    $400 12
Canterbury

Wilson
    $400 2
(Wilson: What is Anne of Green Gables?)

How Green Was My Valley

RickWilson
    $400 7
a suffix

Wilson
    $400 26
Clinton

Triple Stumper
    $400 1
a duplicate

Wilson
    $400 17
nitrous oxide

Rick
    $800 13
cobblestone

Rick
    $800 3
Mrs. Miniver

Rick
    $800 8
a supplement

Rick
    $800 27
Texas A&M

Rick
    $800 22
a duvet

Wilson
    $800 18
laughing stock

Wilson
    $2,200 14
(Alex: [*], yes. Even sounds a lot like it.)

Madrid

Rick
    $1200 4
The Greatest Show on Earth

Rick
    $1200 9
annex

Rick
    $1200 28
Hoboken

Rick
    $1200 23
Dubai

Lucy
    $1200 19
laugh and the world laughs with you

Rick
    $1600 15
(Rick: What is Name of the Rose?)

Romance

Rick
Triple Stumper
    $1600 5
The Lost Weekend

Rick
    $2,200 10
Auxiliary

Rick
    $1600 29
UC Santa Cruz

Wilson
    $1600 24
a dugong

Wilson
    $1600 20
a kookaburra

Lucy
    $2000 16
the Carolingian dynasty

Triple Stumper
    $2000 6
(Alex: Hey, you've been to the movies a lot, and it paid off.)
[Applause for Rick's run of the category]

Gentleman's Agreement

Rick
    $2000 11
a premium

Wilson
    $2000 30
the Sonoran Desert

Wilson
    $2000 25
dualism

Wilson
    $2000 21
(Alex: Probably laughing because of the hat.)

The Laughing Cavalier

Triple Stumper

Scores at the end of the Double Jeopardy! Round:

Rick Lucy Wilson
$23,000 $3,200 $17,800

[wagering suggestions for these scores]

Final Jeopardy! Round responses

MILITARY MEN
LucyWho is MacArthur?
$3,200
WilsonWho was McArthur?
$17,798
RickWho is MacArthur?
$12,601
Douglas MacArthur

Final scores:

Rick Lucy Wilson
$35,601 $6,400 $35,598
2-day champion: $49,602 3rd place: $1,000 2nd place: $2,000

Game dynamics:

Coryat scores:

Rick Lucy Wilson
$21,400 $3,200 $18,400
28 R
(including 2 DDs),
2 W
4 R,
1 W
22 R
(including 1 DD),
3 W

Combined Coryat: $43,000

The J! Archive is created by fans, for fans. The Jeopardy! game show and all elements thereof, including but not limited to copyright and trademark thereto, are the property of Jeopardy Productions, Inc. and are protected under law. This website is not affiliated with, sponsored by, or operated by Jeopardy Productions, Inc. Join the discussion at JBoard.tv.